书目信息 |
| 题名: |
四书集注
|
|
| 作者: | 朱熹 集注 | |
| 分册: | ||
| 出版信息: | 长沙 岳麓书社 1985 |
|
| 页数: | 477页 | |
| 开本: | 20cm | |
| 丛书名: | ||
| 单 册: | ||
| 中图分类: | B222.15 | |
| 科图分类: | ||
| 主题词: | 四书--研究 | |
| 电子资源: | ||
| ISBN: | ||
| 000 | 00529nam0 2200217 45 | |
| 001 | 0185011270 | |
| 005 | 20070802115043.04 | |
| 010 | @dCNY2.60 | |
| 091 | @a2285.4 | |
| 100 | @a19960215d1985 em y0chiy0121 ea | |
| 101 | 0 | @achi |
| 102 | @aCN@b430000 | |
| 105 | @ay z 000yy | |
| 200 | 10 | @a四书集注@Asi shu ji zhu@f(宋)朱熹集注 |
| 210 | @a长沙@c岳麓书社@d1985 | |
| 215 | @a477页@d20cm | |
| 606 | @a四书@x研究 | |
| 690 | @aB222.15@v3 | |
| 701 | 0 | @a朱熹@4集注 |
| 801 | 0 | @aCN@bNLC@c20070802 |
| 905 | @dB222.15@e37@f1@b138639 | |
| 四书集注/(宋)朱熹集注.-长沙:岳麓书社,1985 |
| 477页;20cm |
| ISBN :CNY2.60 |
| ● |
| 相关链接 |
|
|
|
|
正题名:四书集注
索取号:B222.15/37
 
预约/预借
| 序号 | 登录号 | 条形码 | 馆藏地/架位号 | 状态 | 备注 |
| 1 | 0138635 | 000506161 | 第一借阅区/ [索取号:B222.15/37] | 在馆 | |
| 2 | 0138638 | 000508604 | 密集书库/ [索取号:B222.15/37] | 在馆 | |
| 3 | 0138639 | 002049624 | 第一样本阅览室/ [索取号:B222.15/37] | 在馆 | |
| 4 | 0790887 | 207908870 | 密集书库/ [索取号:B222.15/37] | 在馆 |